Catálogo
 En Linea

Música para todos nosotros / (Registro nro. 19556)

Detalles MARC
000 -CABECERA
campo de control de longitud fija 01028nam a2200277 a 4500
001 - NÚMERO DE CONTROL
campo de control 000020048
005 - FECHA Y HORA DE LA ÚLTIMA TRANSACCIÓN
campo de control 20200929170237.0
008 - DATOS DE LONGITUD FIJA--INFORMACIÓN GENERAL
campo de control de longitud fija 100716s1946 ag 001 e spa d
040 ## - FUENTE DE LA CATALOGACIÓN
Centro catalogador/agencia de origen DO-SdBNP
Lengua de catalogación spa
Centro/agencia transcriptor BNPHU
082 ## - NÚMERO DE LA CLASIFICACIÓN DECIMAL DEWEY
Número de clasificación 824.9
Número de documento/Ítem S874m, 1946
049 ## - FONDOS LOCALES (OCLC)
Fondos de biblioteca BNGR
100 1# - ENTRADA PRINCIPAL--NOMBRE DE PERSONA
Nombre de persona Stokowski, Leopoldo,
Fechas asociadas al nombre 1882-1977
9 (RLIN) 42619
245 10 - MENCIÓN DE TÍTULO
Título Música para todos nosotros /
Mención de responsabilidad, etc. Leopoldo Stokowski ; traducción de Francisco Serrano Méndez y Cynthia Boissevain.
250 ## - MENCIÓN DE EDICIÓN
Mención de edición 2a ed.
260 ## - PUBLICACIÓN, DISTRIBUCIÓN, ETC.
Lugar de publicación, distribución, etc. Buenos Aires, Argentina :
Nombre del editor, distribuidor, etc. Espasa-Calpe Argentina,
Fecha de publicación, distribución, etc. 1946.
300 ## - DESCRIPCIÓN FÍSICA
Extensión 263 p. ;
Dimensiones 18 cm.
490 1# - MENCIÓN DE SERIE
Mención de serie Austral. Verde : ensayos y filosofía ;
Designación de volumen o secuencia 591
500 ## - NOTA GENERAL
Nota general Incluye referencias bibliográficas ynotas al pie de las páginas.
500 ## - NOTA GENERAL
Nota general Incluye índice de autores.
650 #4 - PUNTO DE ACCESO ADICIONAL DE MATERIA--TÉRMINO DE MATERIA
Término de materia o nombre geográfico como elemento de entrada Ensayos ingleses
9 (RLIN) 42620
650 #4 - PUNTO DE ACCESO ADICIONAL DE MATERIA--TÉRMINO DE MATERIA
Término de materia o nombre geográfico como elemento de entrada Literatura inglesa
9 (RLIN) 498
700 1# - PUNTO DE ACCESO ADICIONAL--NOMBRE DE PERSONA
Nombre de persona Serrano Méndez, Francisco,
Término indicativo de función/relación tr.
9 (RLIN) 42621
700 1# - PUNTO DE ACCESO ADICIONAL--NOMBRE DE PERSONA
Nombre de persona Boissevain, Cynthia,
Término indicativo de función/relación tr.
9 (RLIN) 42622
830 #0 - PUNTO DE ACCESO ADICIONAL DE SERIE-TÍTULO UNIFORME
Título uniforme Austral.
Nombre de parte o sección de la obra Verde : ensayos y filosofía ;
Designación de volumen o secuencia 591
9 (RLIN) 8733
910 ## - DATOS DE OPCIÓN DEL USUARIO (OCLC)
Datos de opción del usuario WM
Existencias
Estado de retiro Estado de pérdida Restricciones de uso No para préstamo Código de colección Localización permanente Ubicación/localización actual Ubicación en estantería Fecha de adquisición Número de inventario Total de préstamos Signatura topográfica completa Código de barras Fecha visto por última vez Precio válido a partir de Tipo de ítem Koha
        Monografías: Libros y Folletos General General Depósito 16.07.2010 LF1   824.9 S874m, 1946 20048-10 25.06.2020 25.06.2020 Préstamo en sala

Con tecnología Koha